000 00347nam a2200145Ia 4500
008 260223s2023 xx 000 0 und d
020 _a9788190938518
041 _aeng
082 _a001.4/SHR
100 _aShrama Shivani
245 _aIntoducton TO Reasearch
260 _aNew Delhi
_bPV, Pub
_c2023
300 _a224P
650 _aReasearch
999 _c1216485
_d1216485